[Event "Dvorkovich Memorial op 6th"]
[Site "Taganrog"]
[Date "2011.08.09"]
[Round "9"]
[White "Mikhailov, Sergey"]
[Black "Gubanov, Oleg"]
[Result "0-1"]
[WhiteElo "2399"]
[BlackElo "2367"]
[PlyCount "52"]
[EventDate "2011.08.01"]
[EventType "swiss"]
[EventRounds "9"]
[EventCountry "RUS"]
[SourceTitle "CBM 144 Extra"]
[Source "ChessBase"]
[SourceDate "2011.10.28"]
[SourceVersion "1"]
[SourceVersionDate "2011.10.28"]
[SourceQuality "1"]

1. d4 b5 2. e4 Bb7 3. Bd3 Nf6 4. Qe2 c5 5. dxc5 Na6 6. Bxb5 Nxc5 7. f3 Qc7 8. Nh3 e6 9. Nc3 Bd6 10. g3 a6 11. Bc4 Rc8 12. b3 Be5 13. Bb2 0-0 14. 0-0-0 d5 15. exd5 Bxc3 16. Bxc3 exd5 17. Bxf6 dxc4 18. Be5 Bxf3 19. Qxf3 Qxe5 20. Kb1 Na4 21. bxa4 Rb8+ 22. Kc1 Qb2+ 23. Kd2 Rfe8 24. Nf4 Rbd8+ 25. Nd5 Rxd5+ 26. Qxd5 Qb4+ 0-1

[Event "Dvorkovich Memorial op 6th"]
[Site "Taganrog"]
[Date "2011.08.08"]
[Round "8"]
[White "Petrushin, Alexander I"]
[Black "Mikhailov, Sergey"]
[Result "1/2-1/2"]
[WhiteElo "2453"]
[BlackElo "2399"]
[PlyCount "60"]
[EventDate "2011.08.01"]
[EventType "swiss"]
[EventRounds "9"]
[EventCountry "RUS"]
[SourceTitle "CBM 144 Extra"]
[Source "ChessBase"]
[SourceDate "2011.10.28"]
[SourceVersion "1"]
[SourceVersionDate "2011.10.28"]
[SourceQuality "1"]

1. e4 c5 2. Nf3 d6 3. d4 cxd4 4. Nxd4 Nf6 5. Nc3 a6 6. Be2 Nbd7 7. f4 b5 8. Bf3 Bb7 9. e5 Bxf3 10. Nxf3 Ng8 11. e6 fxe6 12. Ng5 Qc8 13. Nxe6 Nc5 14. Nxf8 Kxf8 15. 0-0 Nf6 16. f5 h5 17. Be3 h4 18. Bd4 Qc6 19. Qf3 Rc8 20. Rae1 Qxf3 21. Rxf3 Rh5 22. Bxf6 exf6 23. Nd5 Re8 24. Rxe8+ Kxe8 25. b4 Na4 26. Kf2 Kd7 27. Rf4 Nb2 28. Ke2 Nc4 29. Rg4 Rh7 30. Re4 Ne5 1/2-1/2